Statistiques concernant Top 14 (2017-2018)

Cliquez ici pour prendre le quiz!

Statistiques générales

  • Ce quiz a été pris 94 fois
  • Le résultat moyen est 13 sur 14

Statistiques - réponses

Classement 2017Equipe% Correct
7eStade français
99%
12eStade toulousain
99%
2eASM Clermont
97%
4eRC Toulon
96%
11eUnion Bordeaux-Bègles
95%
10eLyon OU
94%
3eMontpellier HR
94%
6eRacing 92
94%
1erStade rochelais
92%
5eCastres olympique
90%
9eSection paloise
87%
8eCA Brive
86%
2e (D2)SU Agen
86%
1er (D2)US Oyonnax
72%

Distribution des résultats

Percentile par nombre de réponses

% des personnes avec chaque résultat

Votre développement - résultats

Vous n’avez pas pris ce quiz